00541cam a22001572 4500001001100000005001700011008004100028020001700069040001500086050001700101100003800118245008400156260005600240300002000296651006700316000000038020151217151748.0070125s xx 000 0 eng d a0691037647 : aKABUcKABU 0aE302.1b.G741 aGreenstone, J. David.@000017045514aThe Lincoln persuasion :bremarking American liberalism /cJ. David Greenstone. aPrinceton, NJ :bPrinceton University Press,c1993. axxxiii, 312 p. 0aUnited StatesxPolitics and governmenty1783-1865.@0000148545